000 00268nam a22001217a 4500
008 190226b xxu||||| |||| 00| 0 eng d
041 _aeng
080 _a038
100 _a23
101 _aFJA
245 _aDictionary of Word Origins
_cShipley, J.T
942 _2udc
_cBK
999 _c54312
_d54312